000 00815nam a22002412 4500
001 0000023626
005 20151217155234.0
008 130312s xx 000 0 eng d
020 _a0071221399 :
040 _aKABU
_cKABU
100 1 _aWilliams, Brian K.
_@0000154275
245 1 0 _aUsing information technology :
_ba practical introduction to computers & communications /
_cBrian K. Williams, Stacey C. Sawyer.
250 _a9th ed.
260 _aNew York :
_bMcGraw-Hill,
_c2011.
300 _axxviii, 577 p.
650 0 _aComputers.
_@0000153924
650 0 _aInformation technology.
_@0000150287
650 0 _aTelecommunication systems.
_@0000154288
700 1 _aSawyer, Stacy C.
_@0000183188
852 1 _9p3604 KES
908 _a130312
950 _@1
999 _c12198
_d12198